000 01051nam a2200313 i 4500
003 EG-GICUC
005 20260416134054.0
008 260416s1967 fr ||||fr|||| ||| 0 fre d
040 _aEG-GiCUC
_bfre
_cEG-GiCUC
_dEG-GiCUC
_eRda
041 0 _afre
082 0 4 _221
_a343.3
_bBR . L
092 0 4 _221
099 _aLaw1 10 343.3 BR . L 1967
100 1 _aBraudo, Serge
_eAuteur
245 1 0 _aL'autorité Des Circulaires Administratives En Droit Pénal /
_cPar Serge Braudo ; Préface De Robert Vouin
264 1 _aParis :
_bPresses Universitaires De France,
_c1967.
300 _a87page ;
_c 24 cm.
336 _2rda contenu
_a texte
337 _2rda medias
_aOrdinateur
338 _2 transporteur rda
_a Ressource en ligne
490 0 _aSérie « Sciences Criminelles ;
_v1
546 _aTexte en français
650 1 4 _aCode de procédure pénale
650 1 4 _aDroit De Pénal
_2qrmak
700 1 _aVouin, Robert
_ePréfacier
856 4 0 _uhttps://fll.law.cu.edu.eg/fulltext/bks/B10-09140.pdf
905 _a164
942 _2ddc
_cBK
_e21
_n0
999 _c71466
_d71466